|
|
|
|
| LEADER |
00000naa2a2200000 4500 |
| 001 |
399336 |
| 005 |
20231101065216.0 |
| 035 |
|
|
|a (RuTPU)RU\TPU\prd\40559
|
| 090 |
|
|
|a 399336
|
| 100 |
|
|
|a 20051222a2005 k y0rusy50 ca
|
| 101 |
0 |
|
|a rus
|
| 102 |
|
|
|a RU
|
| 200 |
1 |
|
|a Проектирование силовых схем рабочих колес реактивных турбин
|f И. В. Овчинников, А. М. Хомяков
|
| 225 |
1 |
|
|a Конструирование, расчёты
|
| 320 |
|
|
|a Библиогр.: 1 назв.
|
| 461 |
|
0 |
|0 (RuTPU)RU\TPU\prd\1723
|x 0203-347X
|t Справочник. Инженерный журнал
|o научно-технический и производственный журнал
|d 2000-
|
| 463 |
|
0 |
|0 (RuTPU)RU\TPU\prd\40142
|t № 10
|v С. 20-26
|d 2005
|
| 610 |
1 |
|
|a реактивные турбины
|
| 610 |
1 |
|
|a рабочие колеса
|
| 610 |
1 |
|
|a силовые схемы
|
| 610 |
1 |
|
|a проектирование
|
| 610 |
1 |
|
|a обозначения
|
| 610 |
1 |
|
|a единицы измерения
|
| 610 |
1 |
|
|a расчетные зависимости
|
| 610 |
1 |
|
|a расчетные таблицы
|
| 610 |
1 |
|
|a масса диска
|
| 700 |
|
1 |
|a Овчинников
|b И. В.
|
| 701 |
|
1 |
|a Хомяков
|b А. М.
|
| 801 |
|
1 |
|a RU
|b 63413507
|c 20051222
|g PSBO
|
| 801 |
|
2 |
|a RU
|b 63413507
|c 20140117
|g RCR
|
| 942 |
|
|
|c BK
|